00161nam a2200073Ia 4500008004100000041000800041100001700049245002100066250605s9999 xx 000 0 und d aeng aNehal Mishra aShades of Spring